000 00902 a2200301 4500
999 _c200130188
_d31000
001 200130188
003 TR-AnTOB
005 20250724111854.0
008 130805b tu 000 0
020 _a9786055419387
040 _aTR-AnTOB
_cTR-AnTOB
_beng
_erda
041 _atur
050 0 0 _aDS51.T7
_bÖ95 2011
090 _aDS51.T7 Ö95 2011
100 1 _aÖzer, Ahmet
_d1960-
_957600
245 1 0 _aTrabzon'un kalbi :
_bMeydan /
_cAhmet Özer.
246 3 0 _aMeydan.
264 1 _aİstanbul :
_bHeyamola Yayınları,
_c2011.
300 _a110 s. :
_bill. ;
_c20 cm.
336 _2rdacontent
_atext
_btxt
337 _2rdamedia
_aunmediated
_bn
338 _2rdacarrier
_avolume
_bnc
490 0 _aHeymola Yayınları ;
_v238
_aTrabzon'dur Yolumuz ;
_v2
651 0 _aTrabzon (Türkiye)
_xGezi ve tanıtım
_992120
651 _aTrabzon (Türkiye)
_xTarih
_989894
942 _cBK
_2lcc